Co to za owad? #6 - Statystyki

Ogólne statystyki
  • Ten quiz został rozwiązany 42 razy
  • Średni wynik to 2 z 24
Statystyki odpowiedzi
Obrazkowy Hint Odpowiedź % Poprawnych
x kapustnik Bielinek
67%
x dębowiec Podryj
33%
x słoniniec Skórnik
33%
x kasztanówka Torzyśniad
33%
x żółtonogi Wyślepek
33%
x cieśła Borodziej
0%
x zwyczajny Brudziec
0%
x powabny Cioch
0%
x żałobny Drogosz
0%
x okrętowiec Drwionek
0%
x olchowiec Hurmak
0%
x zielona Kałdunica
0%
x kniejnik Karłątek
0%
x gruszowiec Kwieciak
0%
x lancetowaty Myśliczek
0%
x brzozowiec Ogłodek
0%
x wiązowiec Ogończyk
0%
x pogońcowiec Okrążel
0%
x opylona Porobnica
0%
x czternastokropkowa Poskrzypka
0%
x ostowiec Szarek
0%
x górski Szklarnik
0%
x plamista Żerdzianka
0%
x rycerzyk Zwiniec
0%
Nie znaleziono quizów pasujących do podanych kryteriów
Rozkład punktacji
Procent ludzi z każdym wynikiem
Percentyl według liczby udzielonych odpowiedzi
Twoja historia wyników
Nie rozwiązałeś tego quizu